01041cam a2200289 a 450000100090000000300050000900500170001400800410003101000170007202000330008904000180012204300120014005000250015208200110017710000240018824500660021226000380027830000240031665000300034065000300037065000220040065100230042265500280044585601060047385600910057985600810067012599486PILC20150907080744.0011127s2002 nyu 000 1 eng  a 2001056587 a0399149007 (hc : alk. paper) aDLCcDLCdDLC an-us-nb00aPS 3619b.Sc296 200200a813/.61 aSchaffert, Timothy.14aThe phantom limbs of the Rollow sisters /cTimothy Schaffert. aNew York :bBlueHen Books,c2002. a228 pages ;c22 cm. 0aWomenzNebraskavFiction. 0aAntique dealersvFiction. 0aSistersvFiction. 0aNebraskavFiction. 7aDomestic fiction.2lcsh423Contributor biographical informationuhttp://www.loc.gov/catdir/enhancements/fy0716/2001056587-b.html423Publisher descriptionuhttp://www.loc.gov/catdir/enhancements/fy0716/2001056587-d.html413Sample textuhttp://www.loc.gov/catdir/enhancements/fy0716/2001056587-s.html